00397nam a2200109Ia 4500008004100000100002200041245006000063260006900123300001100192650001600203856006800219160712s9999 xx 000 0 und d aCabral, Siegfred. cSiegfred CabralaA Short Story and a Handful of Tragedy c2011bLikhaan: The Journal of Contemporary Philippine Literature avol. 5 xSHORT STORY uhttp://journals.upd.edu.ph/index.php/lik/issue/view/295/showToc